000 01509nam a22002297a 4500
001 3430
003 FISKH
005 20240305103000.0
008 240305b cb ||||| |||| 00| 0 eng d
040 _aFISK
_beng
_cFISK
_dFISK
050 _aPZ7.H9616
082 _a813.54
100 _aHutchens Paul
_d1902-1977
245 _aLost in the blizzard /
_cPaul Hutchens
300 _a127 pages :
_c17 cm
505 _aM
520 _aBill Collins's garden is the scene of several encounters with a hognose snake. Will the family's pet toad, Warty, survive? A new member of the Gang, Middle Jim, offers amazing insights into the snake mystery. When winter arrives, Middle Jim puts the whole Gang in jeopardy. Will the Sugar Creek Gang survive the night in the fierce storm? Discover with the boys the important truth of the great hymn "A Mighty Fortress Is Our God." The Sugar Creek Gang series chronicles the faith-building adventures of a group of fun-loving, courageous Christian boys. These classic stories have been inspiring children to grow in their faith for more than five decades. More than three million copies later, children continue to grow up relating to members of the gang as they struggle with the application of their Christian faith to the adventure of life. Now that these stories have been updated for a new generation, you and your child can join in the Sugar Creek excitement.
521 8 _aM
_bestimates,
700 _aPaul Hutchens
942 _2ddc
_cBK
_n0
999 _c3430
_d3430